000 00320nam a22001337a 4500
008 170614b xxu||||| |||| 00| 0 eng d
020 _a9780801860966
041 _aeng
080 _a328
100 _a19
101 _aSHP
245 _aWHY GOVERMMENTS WASE NATURAL RESOURSES POLICY
_cASCHER.W
942 _2udc
_cBK
999 _c17395
_d17395